000 00771nam a2200241 i 4500
001 bg
245 1 0 _aEnglish - history, diverisity and change /
_ced. by David Graddol, Dick Leith, Joan Swann ; The Open University.
250 _a[1st ed., repr.].
260 _aLondon ;
_aNew York :
_bRoutledge,
_c1997.
300 _aVII,[3], 394 s. :
_bfot., mapy, rys., wykr. (w tym kolor.) ;
_c25 cm.
504 _aBibliogr. s. 372-381 i przy rozdz.
650 9 _aJęzyk angielski
_xhistoria
700 1 _aGRADDOL, David.
_eRed.
700 1 _aLEITH, Dick.
_eRed.
700 1 _aSWANN, Joan.
_eRed.
020 _a0415131189
040 _cBPK
041 0 _apl
080 _a811.111(091)
920 _a0-415-13118-9
942 _cKS
008 s pl f |000 0 pol
999 _c32250
_d32250
856 _uhttp://koha.tu.koszalin.pl/cgi-bin/koha/opac-detail.pl?biblionumber=32250
_yKatalog online BPK